25. výročie SUPŠ škola úžitkového výtvarníctva v Kremnici

Bibliographic Details
Corporate Author: Stredná umeleckopriemyselná škola (Kremnica, Slovensko) (Author)
Other Authors: Ormandíková, Alena (Photographer)
Format: Book
Language:Slovak
PhysicalDescription:[20] s. fotogr. 30 cm
Published: [Kremnica Stredná umeleckopriemyselná škola 1991]
ISBN:8090039928
Subjects:

MARC

LEADER 00000cam a2200000 a 4500
001 vtls001246486
003 SK-MaSNL
005 20260426011114.0
008 160610s1991 xo o g c 00000 slo
020 |a 8090039928 
035 |a SNK000197304 
035 |a urn:nbn:sk:snk-amkvb2 
035 |a urn:nbn:sk:snk-am003xg2 
035 |a 50B12477-6ABF-4E8F-8168-D6754635EFB9 
040 |a SNK  |b slo  |c SNK  |e AACR2 
041 0 |a slo 
043 |a e-xo--- 
044 |a xo  |c SK 
072 7 |a 373.5/.6  |x Stredné školy  |2 konspekt 
080 |a 373.6:745/749  |2 2001 
080 |a 745/749.05  |2 2001 
080 |a (437.6)  |2 2001 
080 |a (082.2)  |2 2001 
080 |a (083.824)  |2 2001 
110 2 |a Stredná umeleckopriemyselná škola (Kremnica, Slovensko)  |4 aut  |9 34263 
245 1 0 |a 25. výročie SUPŠ  |b škola úžitkového výtvarníctva v Kremnici  |c [katalóg pripravili: kolektív pedagógov ; grafická úprava katalógu Pavel Choma ; fotografie: Alena Ormandíková] 
246 3 |a Dvadsiate piate výročie Strednej umeleckopriemyselnej školy v Kremnici 
246 3 0 |a Škola úžitkového výtvarníctva v Kremnici 
260 |a [Kremnica  |b Stredná umeleckopriemyselná škola  |c 1991] 
300 |a [20] s.  |b fotogr.  |c 30 cm 
366 |e 1500 výt. 
500 |a Názov z obalu 
610 2 7 |a Stredná umeleckopriemyselná škola (Kremnica, Slovensko)  |2 SNKKA  |9 34263 
648 7 |a 1966-1991  |2 SNKPH  |9 680678 
648 7 |a 21. stor.  |2 SNKPH  |9 304714 
650 0 7 |a stredné umeleckopriemyselné školy  |2 SNKPH  |9 414974 
650 0 7 |a úžitkové umenie  |2 SNKPH  |9 87431 
651 7 |a Slovensko  |2 SNKPH  |9 14231 
655 7 |a katalógy výstav  |2 SNKPH  |9 70445 
655 7 |a jubilejné publikácie  |2 SNKPH  |9 70339 
700 1 |a Choma, Pavel,  |d 1950-  |4 bkd  |9 103914 
700 1 |a Ormandíková, Alena  |4 pht  |9 439298 
919 |a 80-900399-2-8 
999 |c 1055008  |d 1056938 
952 |t P60, <04>, [BOOK], {604}  |a SNK  |b SNK  |y VYP  |7 0  |p 17A0358091  |o snkOSB 9743 D1  |0 0  |1 0  |4 0  |d 2002-09-30  |l 0  |r 2005-01-01 00:00:00  |w 2026-02-24